Normal view
MARC view
Entry Personal Name
001 - CONTROL NUMBER
- control field: 1238037
003 - CONTROL NUMBER IDENTIFIER
- control field: OSt
005 - DATE AND TIME OF LATEST TRANSACTION
- control field: 20260430150626.0
008 - FIXED-LENGTH DATA ELEMENTS
- fixed length control field: 260430|| aca||aabn | a|a d
040 ## - CATALOGING SOURCE
- Original cataloging agency: OSt
- Transcribing agency: OSt
100 ## - HEADING--PERSONAL NAME
- Personal name: Ahuja Neyati Au.; Deol Omkar Singh Gu
670 ## - SOURCE DATA FOUND
- Source citation: Work cat.: (OSt)1850242: Ahuja Neyati Au.; Deol Omkar Singh Gu., Role of Internationalization in Performance of Indian MNEs, 2024
